Name A Country By Its Capital A-Z - Statistics

General Stats
  • This quiz has been taken 85 times
  • The average score is 18 of 24
Answer Stats
Letter Country % Correct
B Argentina | Azerbaijan | Barbados | Belgium | Belize | +21
100%
A Algeria | Andorra | Eritrea | Ethiopia | Ghana | +11
97%
D Bangladesh | Djibouti | East Timor | Ireland | Senegal | +3
88%
L Angola | Bolivia | Gabon | Luxembourg | Malawi | +6
85%
C Australia | Benin | Denmark | Egypt | Equatorial Guinea | +5
85%
K Afghanistan | Democratic Republic of the Congo | Jamaica | Kuwait | Malaysia | +6
84%
P Benin | Cambodia | Cape Verde | Czech Republic | Federated States of Micronesia | +12
84%
S Antigua and Barbuda | Bolivia | Bosnia and Herzegovina | Bulgaria | +15
81%
M Bahrain | Belarus | Comoros | Eswatini | Lesotho | +13
81%
H Cuba | Finland | Solomon Islands | Vietnam | Zimbabwe
79%
J Indonesia | Israel | South Sudan
79%
W Namibia | New Zealand | Poland | United States
79%
O Burkina Faso | Canada | Norway
77%
R Dominica | Iceland | Italy | Latvia | Morocco | Saudi Arabia
77%
V Austria | Laos | Liechtenstein | Lithuania | Malta | +2
75%
T Albania | Bhutan | Estonia | Georgia | Honduras | +6
73%
G Botswana | Burundi | Guatemala | Guyana
73%
U Mongolia
68%
N Bahamas | Chad | Cyprus | India | Kenya | +5
66%
Z Croatia
66%
Q Ecuador
66%
I Pakistan
63%
F Sierra Leone | Tuvalu
59%
Y Armenia | Cameroon | Ivory Coast | Nauru
55%
No matching quizzes found
Score Distribution
Percent of People with Each Score
Percentile by Number Answered
Your Score History
You have not taken this quiz